000 005020000a22001930004500
001 002245
003 MACL
005 20150801153831.0
008 150801b xxu||||| |||| 00| 0 eng d
040 _aMACL
_cMACL
041 _aEnglish
082 _a363/JOS
100 _aJoshi, Deepali Pant
_94138
245 _aPoverty & Sustainable Development
_cDeepali Pant Joshi
260 _aNew Delhi
_c2008
_bGyan Publishing House,
350 _a625
650 _aSocial Science
_94139
942 _k363
_cBK
_2ddc
999 _c14158
_d14158